| 000 | 00795nam a2200265 i 4500 | ||
|---|---|---|---|
| 003 | DO-SdBNP | ||
| 005 | 20240704151916.0 | ||
| 007 | ta | ||
| 008 | 240704b2023 dr ||||| |||| 00| 0 spa d | ||
| 020 | _a9789945186055 | ||
| 040 |
_aDO-SdBNP _bspa _cBNPHU _erda |
||
| 082 | 4 |
_aRD863.44 _bS232n _222 |
|
| 100 | 1 |
_aSánchez, Luz Virgen, _926590 _eautora |
|
| 245 | 1 | 0 |
_aCabral en mis recuerdos / _cLuz Virgen Sánchez |
| 264 |
_aSanto Domingo : _bTiempo de Nosotros, _c2024. |
||
| 300 |
_a90 páginas ; _c22 cm |
||
| 336 |
_2rdacontent _atexto _btxt |
||
| 337 |
_2rdamedia _asin mediación _bn |
||
| 338 |
_2rdacarrier _avolumen _bnc |
||
| 500 | _aIncluye datos biográficos del autora en las solapas | ||
| 590 | _aInventariado, 2024/BT | ||
| 650 | _965 | ||
| 910 | _aBtavárez | ||
| 942 |
_2ddc _cLBS1 |
||
| 999 |
_c57179 _d57179 |
||